Formule 1 - Personnalités en images - Statistiques

Statistiques générales
  • Ce quiz a été pris 30 fois
  • Le résultat moyen est 10 sur 16
Statistiques - réponses
Par images Réponse % Correct
Daniel Ricciardo
92%
Alain Prost
88%
Frédéric Vasseur
85%
Toto Wolff
85%
Valtteri Bottas
85%
Romain Grosjean
81%
Julien Fébreau
69%
Günther Steiner
65%
Lawrence Stroll
65%
Flavio Briatore
62%
Margot Laffite
58%
Adrian Newey
50%
Claire Williams
50%
Peter Bonnington "Bono"
42%
Mohammed Ben Sulayem
35%
Will Buxton
15%
Aucun quiz correspondant
Distribution des résultats
% des personnes avec chaque résultat
Percentile par nombre de réponses
Votre historique - résultats
Vous n’avez pas pris ce quiz